MECHANISED IN-HOUSE INFORMATION SYSTEMS (Record no. 206816)

MARC details
000 -LEADER
fixed length control field 00292nam a2200133Ia 4500
003 - CONTROL NUMBER IDENTIFIER
control field OSt
005 - DATE AND TIME OF LATEST TRANSACTION
control field 20240604100046.0
020 ## - INTERNATIONAL STANDARD BOOK NUMBER
International Standard Book Number 0-85157-259-6
040 ## - CATALOGING SOURCE
Transcribing agency LCC
050 ## - LIBRARY OF CONGRESS CALL NUMBER
Classification number Z 699 .R 69 1979
100 ## - MAIN ENTRY--PERSONAL NAME
Personal name ROWLEY,J E
245 #0 - TITLE STATEMENT
Title MECHANISED IN-HOUSE INFORMATION SYSTEMS
942 ## - ADDED ENTRY ELEMENTS (KOHA)
Koha item type Long Loan Book
Source of classification or shelving scheme Dewey Decimal Classification
Holdings
Withdrawn status Lost status Source of classification or shelving scheme Damaged status Not for loan Collection Home library Current library Shelving location Date acquired Inventory number Total checkouts Full call number Barcode Date last seen Copy number Price effective from Koha item type
    Library of Congress Classification     Science & Technology Kisii University Library Kisii University Library On Display 09/15/2023 00108/87   Z699.R69 1979 018589 09/15/2023 1 09/15/2023 Long Loan Book